000 03657cam a22008054i 4500
003 PE-LiUPU
005 20250731170455.0
008 150706s2009 mx a rb 000 0 spa d
020 _a9789701069639
035 _a(Sirsi) i9789701069639
040 _aPE-LiUPU
_bspa
_cPE-LiUPU
_erda
049 _aPRUA
082 0 4 _a155.67
_bD4
_221
082 0 4 _a155.67
_bP25 2009
100 1 _aPapalia, Diane E.,
_eautor.
245 1 0 _aDesarrollo del adulto y vejez /
_cDiane E. Papalia . [et al.] ; tr. Víctor Campos Olguín.
250 _a3a edición.
264 1 _aMéxico :
_bMcGraw-Hill,
_c2009.
300 _a524 páginas :
_bilustraciones ;
_c23 centímetros.
336 _atext
_2rdacontent
337 _aunmediated
_2rdamedia
338 _avolume
_2rdacarrier
504 _aIncluye bibliografía.
505 0 _aDesarrollo adulto y envejecimiento en un mundo cambiante -- Perspectivas metodológicas y métodos de investigación -- Longevidad y envejecimiento fisiológico -- Salud y sistemas corporales -- Memoria -- Inteligencia y creatividad -- Pensamiento maduro, sabiduría e inteligencia moral -- Educación, trabajo, ocio y jubilación -- Relaciones íntimas y estilos de vida -- Lazos de parentesco maduros y arreglos para el alojamiento -- Desarrollo de la personalidad -- Salud mental, afrontamiento y adaptación al envejecimiento -- Lidiar con la muerte y las pérdidas.
526 _aSEG68
526 _aSEG70
526 _aSEG69
526 _aSEG67
526 _aSEG43
526 _aP144
526 _aP143
526 _aP131
526 _aP122
526 _aP120
526 _aP117
526 _aP112
526 _aP110
526 _aP106
526 _aP101
526 _aP80
526 _aP59
526 _aP54
526 _aP35
526 _aP33
526 _aP30
541 _g045-0004386;
541 _g045-0004386;
650 0 4 _aEdad adulta
_xAspectos psicológicos.
650 0 4 _aEnvejecimiento
_xAspectos psicológicos.
650 0 4 _aPsicología evolutiva .
650 0 4 _aEnvejecimiento
_xDesarrollo humano.
650 0 4 _aTercera edad .
700 1 _aPapalia, Diane E.,
_eautor.
700 1 _aSterns, Harvey L.,
_eautor.
700 1 _aFeldman, Ruth Duskin,
_eautor.
700 1 _aCamp. Cameron J.,
_eautor.
700 1 _aCampos Olguín, Víctor,
_etr.
910 _agl
_bjv
_cng
_d20121214
910 _btqv
_cwelc
_d20160916
942 _2ddc
_cBOOK
949 _a155.67 D4
_wDEWEY
_c1
_i66006
_lCCODEBUL1
_mBUL
_p32.00
_r0
_sY
_tBOOK
_u2015-7-6
_xSALUD
_PP33
_o.STAFF. Colección General
949 _a155.67 D4
_wDEWEY
_c2
_i66007
_lCCODEBUL1
_mBUL
_p32.00
_r0
_sY
_tBOOK
_u2015-7-6
_xSALUD
_PP33
_o.STAFF. Colección General
949 _a155.67 P25 2009
_wDEWEY
_c1
_iFJ02123
_lCCODEBUJ1
_mBUJ
_p32.00
_r0
_sY
_tBOOK
_u2016-09-16
_xSALUD
_PP33
_0COMPRA
_o.STAFF. Colección General Juliaca
994 _aC0
_bPEPRU
596 _a1 3
999 _a155.67 D4
_wDEWEY
_c54370
_i66006
_d54370
_e2019-8-15
_f2021-11-3
_g6
_lCCODEBUL1
_mBUL
_n22
_p32.00
_q8
_r0
_sY
_tBOOK
_u2015-7-6
_xSALUD
_PP33
_0COMPRA
_o.STAFF. Colección General
999 _a155.67 D4
_wDEWEY
_c2
_i66007
_d2019-10-15
_e2019-10-15
_f2021-11-3
_g5
_lCCODEBUL1
_mBUL
_n28
_p32.00
_q5
_r0
_sY
_tBOOK
_u2015-7-6
_xSALUD
_PP33
_0COMPRA
_o.STAFF. Colección General
999 _a155.67 P25 2009
_wDEWEY
_c1
_iFJ02123
_d2019-10-25
_e2019-10-22
_f2022-1-17
_g4
_lCCODEBUJ1
_mBUJ
_n25
_p32.00
_q37
_r0
_sY
_tBOOK
_u2015-10-16
_xSALUD
_PP33
_0COMPRA
_o.STAFF. Colección General Juliaca
980 _81
_gALBERTO SANCHEZ Responsable de Automatización